Movies Quiz

Random Movies Quiz

Hayao Miyazaki Films by Year Quiz Stats

 Plays Quiz not verified by Sporcle

Score 0/22 Timer 08:00
0 Plays Today
Year Movie % Correct
1988My Neighbor Totoro
87.5%
2001Spirited Away
87.5%
2004Howl's Moving Castle
87.5%
2008Ponyo on the Cliff by the Sea
85%
1989Kiki's Delivery Service
82.5%
1997Princess Mononoke
80%
1984NausicaƤ of the Valley of the Wind
77.5%
1992Porco Rosso
77.5%
1986Laputa: Castle in the Sky
75%
2013The Wind Rises
72.5%
1979Lupin III: The Castle of Cagliostro
67.5%
Year Movie % Correct
1994Pom Poko
67.5%
2002The Cat Returns
67.5%
2011From Up on Poppy Hill
67.5%
1991Only Yesterday
65%
1995Whisper of the Heart
65%
1988Grave of the Fireflies
62.5%
2006Tales from Earthsea
60%
2014When Marnie Was There
57.5%
1993Ocean Waves
50%
2010The Borrower Arrietty
50%
1982Gauche the Cellist
32.5%

You're not logged in!

Compare scores with friends on all Sporcle quizzes.
OR
Log In

Sporcle TV

Today on Sporcle TV


Watch our educational content, quiz creation guides, and fun videos on Sporcle TV.

Show Comments

Extras

Top Quizzes Today


Score Distribution

Your Account Isn't Verified!

In order to create a playlist on Sporcle, you need to verify the email address you used during registration. Go to your Sporcle Settings to finish the process.

Report this User

Report this user for behavior that violates our Community Guidelines.

Details: